00925pam a2200301 a 45000010005000000030006000050050017000110080041000280100017000690200027000860400023001130420009001360500022001450820012001671000022001792450072002012600035002733000046003084400020003545050007003745200098003815210018004795210018004976500034005156500020005496500022005697000032005911773FISKH20230929081655.0831020s1984 ilua j 000 1 eng  a 83023154  a0516020471 (lib. bdg.) aDLCcDLCdDLCbeng alcac00aPZ7.N295bJu 198400a4792191 aNeasi, Barbara J.10aJust like me /cby Barbara J. Neasi ; illustrations by Lois Axeman. aNew York :bScholastic,c1984. a30 pages :bcolor illustrations ;c19 cm. 2aA rookie reader aE  aJennifer tells of the many ways that she and her twin sister, Julie, are alike and different.8 a200 bLexile 8 aE bRaz-Plus  0aChildren's stories, American. 1aTwinsxFiction. 1aSistersxFiction.1 aAxeman, Lois,eillustrator